History True or False #3 - Statistics

General Stats
  • This quiz has been taken 56,616 times
  • The average score is 12 of 16
Answer Stats
Question Answer % Correct
The Titanic sank on its first voyage across the Atlantic True
92%
Most of French territory was, at one time, part of the Roman Empire True
87%
Until the 19th century, Italian opera companies employed "castrati" - men who had been castrated as children so that they would have high voices True
86%
There is evidence that humans hunted woolly mammoths True
83%
Marie Curie discovered penicillin False
80%
The Mongols conquered Japan False
79%
George Washington was deaf False
79%
Only four people were killed at the Tiananmen Square massacre False
78%
There was a time in the Middle Ages when the Popes lived in France, not Rome True
78%
"The Three Musketeers" is an example of the swashbuckler genre of literature True
74%
India has never been involved in a war since becoming independent in 1947 False
69%
Guy Fawkes was a Protestant activist False
67%
King Arthur is buried at Westminster Abbey False
66%
We don't know whether Homer really existed True
62%
The legend of Hercules was well-known in ancient Rome True
54%
The year 1 B.C. is followed by 0 A.D. False
52%
No matching quizzes found
Score Distribution
Percent of People with Each Score
Percentile by Number Answered
Your Score History
You have not taken this quiz